[Event "Kecskemet5"]
[Site "Kecskemet"]
[Date "1992.??.??"]
[Round "?"]
[White "Ivanov, Oleg"]
[Black "Bandza, Algirdas S"]
[Result "0-1"]
[WhiteElo "2430"]
[BlackElo "2400"]
[PlyCount "82"]
[EventDate "1992.??.??"]
[EventType "tourn"]
[EventRounds "13"]
[EventCountry "HUN"]
[EventCategory "4"]
[SourceTitle "EXT 2004"]
[Source "ChessBase"]
[SourceDate "2003.11.25"]
[SourceVersion "1"]
[SourceVersionDate "2003.11.25"]
[SourceQuality "1"]

1. e4 c5 2. c3 Nf6 3. e5 Nd5 4. d4 cxd4 5. Nf3 e6 6. cxd4 b6 7. Nc3 Nxc3 8. bxc3 Qc7 9. Bd2 Bb7 10. Bd3 d6 11. 0-0 Nd7 12. Re1 dxe5 13. Nxe5 Nxe5 14. Rxe5 Bd6 15. Rh5 g6 16. Rh4 0-0 17. Qe2 Be7 18. Rh3 Qc6 19. f3 Bf6 20. Qe3 Bg7 21. Qg5 Rfd8 22. Qh4 h5 23. Re1 e5 24. Be4 Qc7 25. Bxb7 Qxb7 26. Bg5 Re8 27. dxe5 Rxe5 28. Rxe5 Bxe5 29. f4 Bd6 30. Rf3 Bc5+ 31. Kh1 Re8 32. h3 Qd5 33. Rf1 Re2 34. Qg3 Re3 35. Qh2 Qd3 36. Rg1 Re2 37. f5 Qxf5 38. Qb8+ Kg7 39. h4 Bxg1 40. Bh6+ Kh7 41. Qf8 Bd4 0-1